000 00726cam a2200229 i 4500
999 _c112302
_d112302
001 18857624
005 20190426120057.0
008 151116s2016 enk b 001 0 eng
020 _a9781472584335 (hardback)
020 _a9781472584328 (pb)
040 _cPK-LaUMT
082 0 0 _a370.112
_223
_bEDU-
245 0 0 _aEducation and conversation :
_bexploring Oakeshott's legacy /
_cedited by David Bakhurst and Paul Fairfield
260 _aLondon :
_bBloomsbury Academic,
_c2016
300 _aviii, 245 p. ;
_c24 cm
650 0 _aEducation, Humanistic.
650 7 _aEDUCATION / Philosophy & Social Aspects.
650 7 _aEDUCATION / General.
700 1 _aBakhurst, David,
700 1 _aFairfield, Paul,
942 _cBK